000 00680nam a2200205 a 4500
001 639
003 CDMR
005 20131126104251.0
008 130130s1982||||||||||||||||||||||||||||d
020 _a8433101676
040 _aCDMR
_bcat
_cCDMR
100 1 _aRotger Amengual, Bartolomé
_9483
245 1 0 _aCómo leer la prensa escrita
_b: didáctica y fichas prácticas para EGB, Bachillerato y FP
_cBartolomé Rotger Amengual, Joana Mª Roque Company
260 _aMadrid
_c1982
_bEscuela Española
300 _a155 p.
650 0 4 _92266
_aPeriodisme
_xEnsenyament
_zEspanya
650 0 4 _94374
_aPeriodisme
_xManuals, guies, etc
650 0 4 _94387
_aPremsa i educació
942 _cMON
_2udc
999 _c639
_d639